Smart English: more than a worktext for grammar and syntax. (Record no. 7752)

MARC details
000 -LEADER
fixed length control field 00684nam a22002297i 4500
003 - CONTROL NUMBER IDENTIFIER
control field URS
005 - DATE AND TIME OF LATEST TRANSACTION
control field 20220114152851.0
008 - FIXED-LENGTH DATA ELEMENTS--GENERAL INFORMATION
fixed length control field 160314b xxu||||| |||| 00| 0 eng d
020 ## - INTERNATIONAL STANDARD BOOK NUMBER
International Standard Book Number 9789719801573
040 ## - CATALOGING SOURCE
Original cataloging agency DDC
Description conventions rda
Transcribing agency DDC
Language of cataloging eng
050 ## - LIBRARY OF CONGRESS CALL NUMBER
Classification number PE1106
Item number Sa5sm 2014
100 1# - MAIN ENTRY--PERSONAL NAME
Personal name San Miguel, Josefina G.
245 ## - TITLE STATEMENT
Title Smart English: more than a worktext for grammar and syntax.
264 #1 - PRODUCTION, PUBLICATION, DISTRIBUTION, MANUFACTURE, AND COPYRIGHT NOTICE
Place of production, publication, distribution, manufacture Quezon City
Name of producer, publisher, distributor, manufacturer C and E Pub.
Date of production, publication, distribution, manufacture, or copyright notice 2014.
300 ## - PHYSICAL DESCRIPTION
Extent ix, 296 pages
Other physical details illustrations
Dimensions 26cm
336 ## - CONTENT TYPE
Content type term text
Content type code txt
Source rdacontent
337 ## - MEDIA TYPE
Media type term unmediated
Media type code n
Source rdamedia
338 ## - CARRIER TYPE
Carrier type term volume
Carrier type code nc
Source rdacarrier
650 #0 - SUBJECT ADDED ENTRY--TOPICAL TERM
Topical term or geographic name entry element English language--grammar.
700 1# - ADDED ENTRY--PERSONAL NAME
Personal name Barraquio, D.C.T.
942 ## - ADDED ENTRY ELEMENTS (KOHA)
Koha item type Filipiniana
Source of classification or shelving scheme Library of Congress Classification
Holdings
Withdrawn status Source of classification or shelving scheme Damaged status Not for loan Collection code Home library Current library Shelving location Date acquired Source of acquisition Total Checkouts Full call number Barcode Date last seen Copy number Price effective from Koha item type
  Library of Congress Classification     Non-fiction Pililla College Library Pililla College Library General Stacks 02/23/2016 purchased   425 Sa5sm 2014 URSPIL-5603 05/31/2019 1 02/23/2016 Filipiniana
  Library of Congress Classification     Non-fiction Pililla College Library Pililla College Library General Stacks 02/23/2016 purchased   425 Sa5sm 2014 URSPIL-5604 05/31/2019 2 02/23/2016 Filipiniana

University of Rizal System
Email us at univlibservices@urs.edu.ph

Visit our Website www.urs.edu.ph/library